000 01157nam a2200325 a 4500
001 000111781
003 CHAP
005 20220329144228.0
008 150728s2015 mx |r| ||||||spa d
010 _a108242
011 _a109214
020 _a9786074627381
040 _cCHAP
082 0 4 _a972.52081
_bF18
100 0 0 _aFalcón, Romana.
_939391
245 1 3 _aEl jefe politico :
_bun dominio negociado en el mundo rural del Estado de México, 1856-1911 /
_cpor Romana Falcon.
260 _aMéxico, D.F. :
_bColegio de México, Centro de Estudios Historicos :
_bCIESAS :
_bEl Colegio de Michoacán,
_c2015.
300 _a744 p. +
_e1 hoja plegable "México 1885".
590 _aE11695DGD
_b10
_c20150729
_lUCH01
_h0916
590 _aE11695DGD
_b10
_c20150729
_lUCH01
_h0916
590 _aE5765TAJ
_b05
_c20150728
_lUCH01
_h0932
590 _aE5765TAJ
_b05
_c20150728
_lUCH01
_h0933
590 _aE5765TAJ
_b05
_c20150728
_lUCH01
_h0942
590 _aE5765TAJ
_b05
_c20150728
_lUCH01
_h0948
650 1 4 _aMéxico (Edo.)
_xHistoria
_ySiglo XIX.
_9129739
650 1 4 _aMéxico (Edo.)
_xHistoria
_ySiglo XX.
_9129740
901 _aBK
942 _cLIBRO
942 _n0
999 _c108242
_d108242